000 00419nam a2200169Ia 4500
999 _c30591
_d30591
003 OSt
005 20250522171619.0
008 250310s9999||||xx |||||||||||||| ||und||
040 _c.
082 _a823.912
_bH6157
100 _94842
_aHeyer, Georgette
245 0 _aThe conqueror /
_cGeorgette Heyer
260 _aLondon :
_bHeinemann,
_c1931.
300 _a405 p.
650 0 _92474
_aEnglish fiction
942 _cBK
_2ddc